La derecha en América Latina y su lucha contra la adversidad /
Bewaard in:
| Hoofdauteur: | |
|---|---|
| Formaat: | Texto |
| Tags: |
Voeg label toe
Geen labels, Wees de eerste die dit record labelt!
|
MARC
| LEADER | 00000 a a2200000 04500 | ||
|---|---|---|---|
| 001 | 47274 | ||
| 003 | |||
| 040 | |||
| 100 | |a Rovira Kaltwasser, Cristóbal | ||
| 245 | |a La derecha en América Latina y su lucha contra la adversidad / |c Cristóbal Rovira Kaltwasser | ||
| 773 | |g número254, (2014), páginas 34-45 | ||
| 999 | |c 32141 |d 32141 | ||
